Klasifikácia technickej diagnostiky
Vysvetlenie pojmu technická diagnostika. Aplikácia diagnostických metód v technickej praxi - základné otázky.
Salvato in:
| Autore principale: | |
|---|---|
| Altri autori: | , , |
| Natura: | Capitolo di libro |
| Lingua: | slovacco |
| Soggetti: | |
| Tags: |
Nessun Tag, puoi essere il primo ad aggiungerne!!
|
MARC
| LEADER | 00000naa$a2200000$$$4500 | ||
|---|---|---|---|
| 001 | 0270259 | ||
| 005 | 20240502074231.5 | ||
| 041 | 0 | |a slo | |
| 044 | |a SK | ||
| 245 | 1 | 0 | |a Klasifikácia technickej diagnostiky |c Naqibullah Daneshjo, Andreas Kohla, Christian Dietrich, Mohamed Ali M. Eldojali |
| 520 | |a Vysvetlenie pojmu technická diagnostika. Aplikácia diagnostických metód v technickej praxi - základné otázky. | ||
| 610 | 2 | 0 | |a objekt |
| 610 | 2 | 0 | |a bezpečnosť |
| 610 | 2 | 0 | |a technika |
| 610 | 2 | 0 | |a údržba |
| 100 | 1 | |a Daneshjo, Naqibullah, 1964- | |
| 700 | 1 | |a Kohla, Andreas | |
| 700 | 1 | |a Dietrich, Christian | |
| 700 | 1 | |a Eldojali, Mohamed Ali M. | |